| 000 | 00460nam a2200181Ia 4500 | ||
|---|---|---|---|
| 008 | 230312s9999 xx 000 0 und d | ||
| 041 | _aeng | ||
| 082 |
_a006.66 _b006.66 SIN |
||
| 100 |
_aSinha A.N. _9169895 |
||
| 245 | _aCompuer Graphics | ||
| 260 |
_c2008 _bTata Mc-Graw Hill |
||
| 300 | _a471 | ||
| 365 |
_cRs. _b450.00 |
||
| 700 |
_aUdaiA.D. _9169896 |
||
| 710 |
_aSinha A.N. & Udai A.D. _9169897 |
||
| 906 | _b450 | ||
| 999 |
_c130515 _d130515 |
||